Word Ladder: State Starts Quiz Stats

 Plays Quiz Updated Apr 12, 2019

Score 0/34 Timer 04:00
3 Plays Today
Clue 4-Letter Word % Correct
4th planetMARS
96.4%
Hit or ____☆ MISS ☆
96.3%
Laundry chore☆ WASH ☆
93.7%
Amount of matter☆ MASS ☆
93.1%
Cob vegetableCORN
91.9%
Female horseMARE
91.7%
Castle surrounderMOAT
90.7%
Coin producerMINT
90.3%
Buried explosiveMINE
89.8%
Korean War showM*A*S*H
89.6%
Dunce cap shapeCONE
88%
Oscar winner Sean☆ PENN ☆
86%
Superman surname☆ KENT ☆
85.5%
French island commune ____-Saint-Michel☆ MONT ☆
85.3%
Mugger deterrentMACE
84.9%
MuckMIRE
84.9%
WailMOAN
84.1%
Clue 4-Letter Word % Correct
Mother from 'Let It Be'☆ MARY ☆
84.1%
Eve's oppositeMORN
83.4%
Ale amountPINT
83.1%
CrookedBENT
82.2%
NHL's ____ Smythe Trophy☆ CONN ☆
81.3%
Circular diagram typeVENN
80.1%
Voice amplifiersMICS
79.9%
Air supplyVENT
79.6%
'I Try' Singer GrayMACY
79.6%
Long forPINE
79%
Joe Walsh hit 'Life's ___ Good'BEEN
78%
Held back, with 'up'PENT
78%
Speed of sound numberMACH
77.6%
Flat cornbread cakePONE
76.9%
Schrute Farms productBEET
76.8%
Hammer endPEEN
74.6%
German for 'me'☆ MICH ☆
73.2%

Today's Daily Dose

Missing Word
Sherlocks

Word Ladder
King of the Hill

Quick Pick
Songs in Pink

Get the Picture
NBA Teammates

You're not logged in!

Compare scores with friends on all Sporcle quizzes.
OR
Log In

Sporcle TV

Today on Sporcle TV


Watch our educational content, quiz creation guides, and fun videos on Sporcle TV.

Show Comments

Extras

Top Quizzes Today


Score Distribution

Your Account Isn't Verified!

In order to create a playlist on Sporcle, you need to verify the email address you used during registration. Go to your Sporcle Settings to finish the process.

Report this User

Report this user for behavior that violates our Community Guidelines.

Details: